| 000 | 00973nam a22002892a 4500 | ||
|---|---|---|---|
| 001 | 15125 | ||
| 003 | (BD-RjUL) | ||
| 005 | 20211208235744.0 | ||
| 008 | 860101s1952 xx 000 0 eng d | ||
| 035 | _a(BD-RjUL)15179 | ||
| 040 |
_aDLC _cAPL _dUKM _d(BD-RjUL) _beng |
||
| 041 | _aeng | ||
| 082 |
_a657.2 _bSTA 1959 |
||
| 100 | 1 |
_astaff ,Hadley editorial _947072 |
|
| 245 | 1 | 0 |
_aApplied bookkeeping / _cby Hadley editorial staff |
| 250 | _a3d ed | ||
| 260 |
_aNew York : _bPublished for C.R. Hadley Co. by McGraw-Hill, _cc1952, c1959 [printing 1960] |
||
| 300 |
_a232 p. : _billus. ; _c26 cm |
||
| 490 | 1 | _aPathfinder accounting series | |
| 500 | _aFirst ed., 1938, by D. W. Morton and R. E. Berry, has title: Pathfinder course in applied bookkeeping | ||
| 650 | 0 |
_aBookkeeping _922559 |
|
| 710 | 2 |
_aCharles R. Hadley Company. _947073 |
|
| 830 | 0 |
_aPathfinder accounting series. _9229666 |
|
| 942 |
_2ddc _cBK |
||
| 999 |
_c15125 _d15125 |
||